Predpoklady CVP analýzy Praktické príklady výpočtu CVP analýzy

Šesť predpokladov CVP (Cost-Volume-Profit) analýzy, ktoré treba dodržať, aby analýza vykázala správne výsledky. Praktické príklady výpočtu CVP analýzy.

Gespeichert in:
Bibliographische Detailangaben
1. Verfasser: Čertek, P.
Format: Buchkapitel
Sprache:Slowakisch
Schlagworte:
Tags: Tag hinzufügen
Keine Tags, Fügen Sie das erste Tag hinzu!

MARC

LEADER 00000naa a2200000 4500
001 r000775
005 20221205080406.0
041 0 |a slo 
044 |a SK 
245 1 0 |a Predpoklady CVP analýzy  |b Praktické príklady výpočtu CVP analýzy  |c P. Čertek 
520 |a Šesť predpokladov CVP (Cost-Volume-Profit) analýzy, ktoré treba dodržať, aby analýza vykázala správne výsledky. Praktické príklady výpočtu CVP analýzy. 
610 2 0 |a CVP analýza 
610 2 0 |a break even point 
610 2 0 |a zisk 
610 2 0 |a kalkulácia nákladov 
100 1 |a Čertek, P.